000 00629nam a2200241Ia 4500
003 OSt
005 20221007073108.0
006 a|||||r|||| 00| 0
007 ta
008 221006b |||||||| |||| 00| 0 eng d
024 _a39,795
037 _cTextual
040 _aFLL
_cFLL
_beng
041 _2eng
_aeng
082 _aS2, K1;1
100 _ahunter T.A.A.
245 0 _aAdolescence
_bYear of indiscretion
250 _a1st Pub.
260 _aLondon
_bWilliam Heinemann Medical Books Ltd.
_c1961
300 _a160p
_ccm.
942 _hS2, K1;1
_cTEXL
_2CC
999 _c1147664
_d1147664